Central Library OPAC University of Rajshahi

Farm housing / (Record no. 73372)

MARC details
000 -LEADER
fixed length control field 00801nam a2200241 a 4500
001 - CONTROL NUMBER
control field 73372
003 - CONTROL NUMBER IDENTIFIER
rucl marc code BD-RjUL
005 - DATE AND TIME OF LATEST TRANSACTION
control field 20211209082404.0
008 - FIXED-LENGTH DATA ELEMENTS--GENERAL INFORMATION
fixed length control field 170530s1957 nyub 001 0 eng d
035 ## - SYSTEM CONTROL NUMBER
System control number (BD-RjUL)73590
040 ## - CATALOGING SOURCE
Original cataloging agency NZOC
Language of cataloging eng
Transcribing agency NZOC
Modifying agency BD-RjUL
041 ## - LANGUAGE CODE
Language code of text/sound track or separate title eng
082 04 - DEWEY DECIMAL CLASSIFICATION NUMBER
Classification number 631.21
Edition number 23
Author mark and year BEF 1957
100 1# - MAIN ENTRY--PERSONAL NAME
Personal name Beyer, Glenn H.
9 (RLIN) 217027
245 10 - TITLE STATEMENT
Title Farm housing /
Statement of responsibility, etc. by Glenn H. Beyer and J. Hugh Rose for the Social Science Research Council in cooperation with the U.S. Dept. of Commerce, Bureau of the Census.
260 ## - PUBLICATION, DISTRIBUTION, ETC. (IMPRINT)
Place of publication, distribution, etc. New York :
Name of publisher, distributor, etc. Wiley,
Date of publication, distribution, etc. c1957.
300 ## - PHYSICAL DESCRIPTION
Pagination xi, 194 p. :
Illustrations ill. ;
Size 22 cm.
490 ## - SERIES STATEMENT
Series statement Census monograph series
650 #0 - SUBJECT ADDED ENTRY--TOPICAL TERM
Topical term or geographic name as entry element Farmhouses
9 (RLIN) 217028
Topical term or geographic name as entry element Housing, Rural
Geographic subdivision United States.
9 (RLIN) 217029
700 1# - ADDED ENTRY--PERSONAL NAME
Personal name Rose, J Hugh.
942 ## - ADDED ENTRY ELEMENTS (KOHA)
Source of classification or shelving scheme Dewey Decimal Classification
Koha item type Books
Holdings
Lost status Source of classification or shelving scheme Damaged status Not for loan Collection code Permanent Location Current Location Shelving location Date acquired Source of acquisition Cost, normal purchase price Total Checkouts Full call number Date last seen Copy number Koha item type
  Dewey Decimal Classification   Not For Loan Non-fiction Central Library, University of Rajshahi Central Library, University of Rajshahi Reading Room 18/10/1962 Zeithlinger. 45.00   631.21 BEF 1957 30/05/2017 C-1 Books